000
00317nam a2200121Ia 4500
008
190216s9999||||xx |||||||||||||| ||und||
100
_a
Dianezac
245
0
_a
Programming With Microsoft Visual Basic 5.0
260
_b
Galgotia Publication Pvt Ltf
_c
1998
300
_a
vb815p
650
_a
Computer Science
942
_c
BK
999
_c
8632
_d
8632